| 000 | 01181nam a2200217 u 4500 | ||
|---|---|---|---|
| 001 | 000560537 | ||
| 003 | AM-YeHGA | ||
| 005 | 20250617140338.0 | ||
| 008 | 071210s1987 ||| r 000 0 rus d | ||
| 040 | _aAM-YeHGA | ||
| 041 | 0 | _arus | |
| 245 | 0 | 0 |
_aСоциалистическое соревнование: сочетание отраслевого и территориального аспектов / _cВ.К. Потемкин, Д.Б. Рыскин, Е.И. Алексеева и др.; Отв. ред.: В.К. Потемкин; АН СССР, Ленингр. науч. центр, Ин-т соц.-экон. проблем. |
| 260 |
_aЛенинград : _bНаука, Ленингр. отд-ние, _c1987. |
||
| 300 |
_a137 с. : _bил. |
||
| 500 | _aАвт. указаны на 4-й с. | ||
| 653 | 0 | _aСоциалистическое соревнование | |
| 700 | 1 | _aПотемкин, Валерий Константинович | |
| 710 | 2 |
_aАкадемия наук СССР _bЛенинградский научный центр |
|
| 710 | 2 | _aИнститут социально-экономических проблем АН СССР | |
| 090 | _c219792 | ||
| 999 |
_c218264 _d218264 |
||